000 00460nam a2200157Ia 4500
008 210716s2003 xx 000 0 und d
020 _a818842904X
041 _aeng
082 _a005.133 RAJR
100 _aWith graphics and animation.
245 _aC programming made easy: with graphics and animation.
_bWith graphics and animation.
250 _a2
260 _aChennai
_bScitech Publications Pvt Ltd.
_c2003
300 _a375
650 _aC Programming
999 _c186322
_d186322